[Event "Championnats Loire Jeunes Min Ben Cad Ju"]
[Site "Aurec"]
[Date "2004.11.13"]
[Round "1.1"]
[White "Treveys, Maxime"]
[Black "Giroux, Sylvain"]
[Result "1-0"]
[WhiteElo "1900"]
[BlackElo "1399"]
[PlyCount "23"]
[EventDate "2004.??.??"]

1. d4 d5 2. c4 Nf6 3. cxd5 Nxd5 4. e4 Nb6 5. Nf3 f5 6. e5 c5 7. Nc3 e6 8. Be2
Be7 9. O-O O-O 10. a3 a6 11. b4 Nd5 12. Qc2 1-0

[Event "Championnats Loire Jeunes Min Ben Cad Ju"]
[Site "Aurec"]
[Date "2004.11.13"]
[Round "1.2"]
[White "Bruyas, Benjamin"]
[Black "Adamus, Jeremy"]
[Result "0-1"]
[WhiteElo "1320"]
[BlackElo "1830"]
[PlyCount "50"]
[EventDate "2004.??.??"]

1. Nf3 d5 2. c4 e6 3. cxd5 exd5 4. d4 Nf6 5. Nc3 c6 6. g3 Bg4 7. Bg2 Be7 8. O-O
O-O 9. Bf4 Re8 10. Re1 Qb6 11. Qd2 Nbd7 12. Ne5 Bf5 13. e4 dxe4 14. Nxe4 Bxe4
15. Bxe4 Nxe4 16. Rxe4 Nf6 17. Re2 Rad8 18. Nf3 Nd5 19. Be5 f6 20. Rae1 Bb4 21.
Bc7 Nxc7 22. Rxe8+ Nxe8 23. Qe3 Bxe1 24. Nxe1 Kf7 25. b3 Qxd4 0-1

[Event "Championnats Loire Jeunes Min Ben Cad Ju"]
[Site "Aurec"]
[Date "2004.11.13"]
[Round "1.3"]
[White "Barnes, Pierrick"]
[Black "Paratcha, Yohan"]
[Result "1-0"]
[WhiteElo "1830"]
[BlackElo "1310"]
[PlyCount "43"]
[EventDate "2004.??.??"]

1. d4 d5 2. Bf4 Nc6 3. Nf3 Bf5 4. a3 Nf6 5. e3 e6 6. c4 Bd6 7. Bxd6 cxd6 8. Nc3
dxc4 9. Bxc4 d5 10. Bb5 O-O 11. O-O a6 12. Bxc6 bxc6 13. Ne5 Qc8 14. Na4 Rb8
15. Rc1 Rb3 16. Qxb3 Ne4 17. Nxc6 Nd2 18. Ne7+ Kh8 19. Rxc8 Rxc8 20. Qb7 h6 21.
Qxc8+ Kh7 22. Qg8# 1-0

[Event "Championnats Loire Jeunes Min Ben Cad Ju"]
[Site "Aurec"]
[Date "2004.11.13"]
[Round "1.4"]
[White "Blanchon, Yannick"]
[Black "Roncin, Cesar"]
[Result "0-1"]
[WhiteElo "1199"]
[BlackElo "1750"]
[PlyCount "52"]
[EventDate "2004.??.??"]

1. e4 e6 2. Nc3 d5 3. d4 Nf6 4. Bg5 Be7 5. Bxf6 Bxf6 6. e5 Be7 7. a3 c5 8. Nf3
Qb6 9. Na4 Qa5+ 10. Nc3 Nc6 11. Bb5 Bd7 12. Bxc6 Bxc6 13. O-O O-O 14. Qd2 f6
15. Ne2 Qb6 16. Qc3 fxe5 17. Nxe5 cxd4 18. Qxd4 Bc5 19. Qh4 Rxf2 20. Rxf2 Qxb2
21. Rc1 Qxe5 22. Kf1 Bxf2 23. Kxf2 Rf8+ 24. Ke1 Bb5 25. Qg4 Qe3 26. Qg3 Qxe2#
0-1

[Event "Championnats Loire Jeunes Min Ben Cad Ju"]
[Site "Aurec"]
[Date "2004.11.13"]
[Round "1.5"]
[White "Doucet, Medhi"]
[Black "Brosse, Benjamin"]
[Result "1-0"]
[WhiteElo "1630"]
[BlackElo "1199"]
[PlyCount "74"]
[EventDate "2004.??.??"]

1. c4 e5 2. e4 Nf6 3. Nc3 Nc6 4. d3 Bb4 5. Bd2 O-O 6. Nf3 d6 7. Be2 Be6 8. O-O
Ne7 9. Nd5 Nexd5 10. cxd5 Bxd2 11. Qxd2 Bg4 12. Ne1 Bxe2 13. Qxe2 c5 14. Nf3
Nd7 15. Qd2 Rc8 16. b3 f5 17. Ng5 Rf6 18. f3 f4 19. Qf2 Rh6 20. Ne6 Qe8 21. h3
Rg6 22. Kh2 b5 23. Rac1 Nf8 24. Nxf8 Qxf8 25. Rc2 Rg3 26. Rfc1 Qf6 27. Rh1 Qh4
28. Kg1 Rf8 29. b4 cxb4 30. Qxa7 h6 31. Qb6 Rf6 32. Qd8+ Kh7 33. Rh2 Rg5 34.
Re2 Rfg6 35. Qc8 Rf6 36. Qc7 Kg8 37. Kf1 Rf7 1-0

[Event "Championnats Loire Jeunes Min Ben Cad Ju"]
[Site "Aurec"]
[Date "2004.11.13"]
[Round "1.6"]
[White "Devaux, Kevin"]
[Black "Desassis, Gregoire"]
[Result "0-1"]
[WhiteElo "1199"]
[BlackElo "1600"]
[PlyCount "44"]
[EventDate "2004.??.??"]

1. e4 e6 2. Nf3 d5 3. Bd3 Nf6 4. Qe2 c5 5. c3 d4 6. e5 Nfd7 7. O-O Nc6 8. b3
Qc7 9. Re1 g6 10. Bb2 Bg7 11. a3 Ndxe5 12. Nxe5 Nxe5 13. b4 Nxd3 14. Qxd3 b6
15. bxc5 bxc5 16. a4 O-O 17. Ba3 Be5 18. g3 Bb7 19. f4 Qc6 20. Re2 Qh1+ 21. Kf2
Qg2+ 22. Ke1 Qg1# 0-1

[Event "Championnats Loire Jeunes Min Ben Cad Ju"]
[Site "Aurec"]
[Date "2004.11.13"]
[Round "1.7"]
[White "Borron, Herve"]
[Black "Masson, Guillaume"]
[Result "1-0"]
[WhiteElo "1590"]
[BlackElo "1199"]
[PlyCount "73"]
[EventDate "2004.??.??"]

1. c4 e5 2. Nc3 Nc6 3. g3 Nf6 4. Bg2 Bc5 5. d3 O-O 6. e3 d6 7. Nge2 Bg4 8. O-O
Re8 9. h3 Be6 10. d4 Bb4 11. d5 Na5 12. dxe6 Rxe6 13. a3 Bc5 14. b4 Nb3 15.
Qxb3 Bd4 16. exd4 exd4 17. Nxd4 Re5 18. Bxb7 Rb8 19. Nc6 Qe8 20. Nxb8 Qxb8 21.
Bg2 Qe8 22. Bd2 h6 23. Rfe1 c5 24. bxc5 dxc5 25. Rxe5 Qxe5 26. Re1 Qf5 27. Nd5
Nxd5 28. Qb8+ Kh7 29. Be4 Qxe4 30. Rxe4 Nf6 31. Re7 Kg6 32. Qxa7 Kf5 33. Qxc5+
Kg6 34. Qc7 Kf5 35. Rxf7 g5 36. Qe7 g4 37. Qxf6+ 1-0

[Event "Championnats Loire Jeunes Min Ben Cad Ju"]
[Site "Aurec"]
[Date "2004.11.13"]
[Round "1.8"]
[White "Guichard, Remi"]
[Black "Goudet, Maxence"]
[Result "0-1"]
[WhiteElo "1160"]
[BlackElo "1520"]
[PlyCount "69"]
[EventDate "2004.??.??"]

1. e3 e5 2. Nf3 e4 3. Nd4 d5 4. Nc3 Nf6 5. d3 Bb4 6. Bd2 c5 7. Nb3 Nc6 8. dxe4
dxe4 9. Bc4 O-O 10. O-O Qd6 11. a3 Bxc3 12. bxc3 Ng4 13. Qxg4 Bxg4 14. h3 Be6
15. Bxe6 Qxe6 16. Nxc5 Qd5 17. Nb3 f5 18. a4 Rae8 19. a5 Ne5 20. Ra4 Nc4 21.
Bc1 Rc8 22. f3 exf3 23. Rxf3 Qd1+ 24. Kh2 Qxc2 25. Rb4 Qxc3 26. Rxb7 Nxa5 27.
Rb5 Nxb3 28. Ba3 Rce8 29. Rfxf5 Qxe3 30. Rf3 Qe2 31. Rbxb3 Qe5+ 32. Kg1 Rb8 33.
Bb2 Qe1+ 34. Rf1 Rxf1+ 35. Kh2 0-1

[Event "Championnats Loire Jeunes Min Ben Cad Ju"]
[Site "Aurec"]
[Date "2004.11.13"]
[Round "2.1"]
[White "Desassis, Gregoire"]
[Black "Treveys, Maxime"]
[Result "0-1"]
[WhiteElo "1600"]
[BlackElo "1900"]
[PlyCount "26"]
[EventDate "2004.??.??"]

1. d4 Nf6 2. Nf3 g6 3. e3 Bg7 4. Bd3 d6 5. O-O O-O 6. Nbd2 Nbd7 7. c4 e5 8. Qc2
Ne8 9. h4 f5 10. dxe5 dxe5 11. e4 f4 12. c5 c6 13. b4 {erreur de notation}
13... Qe7 0-1

[Event "Championnats Loire Jeunes Min Ben Cad Ju"]
[Site "Aurec"]
[Date "2004.11.13"]
[Round "2.2"]
[White "Adamus, Jeremy"]
[Black "Doucet, Medhi"]
[Result "1-0"]
[WhiteElo "1830"]
[BlackElo "1630"]
[PlyCount "111"]
[EventDate "2004.??.??"]

1. d4 d5 2. Nf3 Nf6 3. Bg5 e6 4. c4 Be7 5. e3 O-O 6. Be2 Nc6 7. O-O b6 8. Nc3
a6 9. Rc1 Bb7 10. cxd5 Nxd5 11. Nxd5 exd5 12. Bxe7 Nxe7 13. Ne5 f6 14. Nd3 Kh8
15. Qc2 Nc6 16. Nf4 Qd7 17. Bf3 Rac8 18. Bxd5 Nb4 19. Be6 Qe7 20. Qc4 b5 21.
Qc5 Qxc5 22. Rxc5 Rce8 23. Bb3 c6 24. a3 g5 25. Ne6 Nd3 26. Nxf8 Nxc5 27. dxc5
Rxf8 28. Rd1 f5 29. Be6 f4 30. e4 Bc8 31. Bxc8 Rxc8 32. f3 Kg8 33. Kf2 Rf8 34.
Rd6 Rc8 35. Ke2 a5 36. Kd3 b4 37. a4 b3 38. Kc3 Rb8 39. Rxc6 Rb4 40. Rd6 Rxa4
41. Kxb3 Ra1 42. Rd2 Rc1 43. Rc2 Rd1 44. c6 Rd8 45. c7 Rc8 46. Ka4 Kf7 47. Kxa5
Ke7 48. Rc5 Kd6 49. Kb6 Kd7 50. Rxg5 Re8 51. Rg7+ Kc8 52. Rxh7 Re6+ 53. Kc5
Rc6+ 54. Kd5 Rxc7 55. Rxc7+ Kxc7 56. e5 1-0

[Event "Championnats Loire Jeunes Min Ben Cad Ju"]
[Site "Aurec"]
[Date "2004.11.13"]
[Round "2.3"]
[White "Goudet, Maxence"]
[Black "Barnes, Pierrick"]
[Result "0-1"]
[WhiteElo "1520"]
[BlackElo "1830"]
[PlyCount "98"]
[EventDate "2004.??.??"]

1. e4 e5 2. Nf3 d6 3. Bc4 Be7 4. Nc3 Nf6 5. d3 O-O 6. O-O c6 7. Be3 Bg4 8. h3
Bh5 9. Qd2 Qc8 10. Nh2 Rd8 11. f4 exf4 12. Rxf4 Nbd7 13. Rh4 Ne5 14. Bg5 Nxc4
15. dxc4 Bg6 16. Re1 Qe6 17. b3 Nd7 18. Bxe7 Qxe7 19. Qf4 Qf6 20. Qxf6 Nxf6 21.
Nf3 Re8 22. Re2 Nd7 23. b4 Rad8 24. Nd2 Ne5 25. b5 f6 26. Rf4 Bf7 27. g4 Nxc4
28. bxc6 bxc6 29. Ref2 Nxd2 30. Rxd2 Bc4 31. e5 d5 32. exf6 Re1+ 33. Kf2 Rf1+
34. Ke3 Rxf4 35. Kxf4 gxf6 36. Kf5 Kg7 37. h4 Re8 38. g5 fxg5 39. hxg5 Re3 40.
Nd1 Re1 41. Nc3 a6 42. Rg2 d4 43. Rg4 Be6+ 44. Kf4 Bxg4 45. Kxg4 dxc3 46. Kf3
Kg6 47. Kf2 Re5 48. Kg3 Kxg5 49. Kf2 Kf4 {abandon} 0-1

[Event "Championnats Loire Jeunes Min Ben Cad Ju"]
[Site "Aurec"]
[Date "2004.11.13"]
[Round "2.4"]
[White "Roncin, Cesar"]
[Black "Borron, Herve"]
[Result "1-0"]
[WhiteElo "1750"]
[BlackElo "1590"]
[PlyCount "51"]
[EventDate "2004.??.??"]

1. e4 e6 2. d3 d5 3. Nd2 c5 4. Ngf3 Nc6 5. c3 Bd6 6. g3 Nge7 7. Bg2 Qc7 8. O-O
Bd7 9. d4 f6 10. Re1 O-O-O 11. dxc5 Bxc5 12. b4 Bd6 13. Bb2 Rdf8 14. b5 Ne5 15.
Nxe5 Bxe5 16. h4 g5 17. Ba3 Bd6 18. Qb3 dxe4 19. Nxe4 Bxa3 20. Qxa3 Ng6 21.
Nd6+ Kb8 22. Nxb7 h5 23. Nc5 Kc8 24. Bb7+ Kd8 25. Rad1 Rf7 {abandon} 26. Nxe6+
1-0

[Event "Championnats Loire Jeunes Min Ben Cad Ju"]
[Site "Aurec"]
[Date "2004.11.13"]
[Round "2.5"]
[White "Giroux, Sylvain"]
[Black "Devaux, Kevin"]
[Result "1-0"]
[WhiteElo "1399"]
[BlackElo "1199"]
[PlyCount "97"]
[EventDate "2004.??.??"]

1. d4 d5 2. c4 Nc6 3. cxd5 Qxd5 4. Nf3 Bg4 5. Be3 O-O-O 6. Nc3 Qd7 7. d5 Bxf3
8. exf3 Ne5 9. Bxa7 c6 10. Bb6 Re8 11. dxc6 Qxd1+ 12. Rxd1 bxc6 13. Ba6+ Kb8
14. f4 Ng6 15. g3 Nf6 16. Bd4 e5 17. fxe5 Nxe5 18. O-O c5 19. Bxe5+ Rxe5 20.
Rfe1 Rxe1+ 21. Rxe1 Bd6 22. Nb5 Bc7 23. Nxc7 Kxc7 24. Bc4 Rb8 25. b3 Ra8 26. a4
Kd6 27. Bxf7 Ra7 28. Bc4 Rb7 29. Re6+ Kd7 30. a5 Ne8 31. a6 Ra7 32. Rb6 Kc7 33.
Re6 Kd7 34. Re5 Kd6 35. Rxe8 g6 36. Rb8 Ke5 37. b4 cxb4 38. Rxb4 Ke4 39. Rb7
Ra8 40. a7 Kf3 41. Bd5+ Kg4 42. Rb8 Rxa7 43. Rh8 h5 44. Rf8 Ra3 45. Be6+ Kg5
46. f4+ Kh6 47. f5 Ra6 48. Rf6 Kg5 49. Rxg6# 1-0

[Event "Championnats Loire Jeunes Min Ben Cad Ju"]
[Site "Aurec"]
[Date "2004.11.13"]
[Round "2.6"]
[White "Brosse, Benjamin"]
[Black "Bruyas, Benjamin"]
[Result "0-1"]
[WhiteElo "1199"]
[BlackElo "1320"]
[PlyCount "98"]
[EventDate "2004.??.??"]

1. e4 e6 2. d4 d5 3. exd5 exd5 4. Bb5+ Bd7 5. Bxd7+ Nxd7 6. Qe2+ Qe7 7. Qxe7+
Nxe7 8. Nf3 Nf5 9. O-O Bb4 10. a3 Ba5 11. b4 Bb6 12. Nc3 O-O 13. Nxd5 Nxd4 14.
Nxd4 Bxd4 15. c3 Bb6 16. a4 a5 17. b5 Bc5 18. Be3 c6 19. Bxc5 Nxc5 20. Ne7+ Kh8
21. b6 Rfe8 22. Nf5 Re4 23. Nd6 Re7 24. Nf5 Rd7 25. h3 Rd3 26. Ra3 Rad8 27. Ne3
Ne4 28. Rd1 Rxd1+ 29. Nxd1 Rxd1+ 30. Kh2 Nxf2 31. c4 g6 32. Rf3 Rf1 33. Rxf7
Ng4+ 34. Kg3 Rxf7 35. Kxg4 Rf2 36. Kg5 Rc2 37. Kf6 Rxc4 38. Ke7 Rd4 39. Ke6 c5
40. Ke5 Rd1 41. g4 c4 42. h4 c3 43. h5 Kg7 44. h6+ Kxh6 45. g5+ Kxg5 46. Ke6 c2
47. Kf7 c1=Q 48. Kg7 Rd7+ 49. Kg8 Qc8# 0-1

[Event "Championnats Loire Jeunes Min Ben Cad Ju"]
[Site "Aurec"]
[Date "2004.11.13"]
[Round "2.7"]
[White "Paratcha, Yohan"]
[Black "Guichard, Remi"]
[Result "1-0"]
[WhiteElo "1310"]
[BlackElo "1160"]
[PlyCount "55"]
[EventDate "2004.??.??"]

1. e4 e6 2. d4 d5 3. e5 Nc6 4. Nf3 Bd7 5. b3 Be7 6. c4 dxc4 7. bxc4 Bb4+ 8. Bd2
Nge7 9. Nc3 Nf5 10. d5 exd5 11. cxd5 Bxc3 12. Bxc3 Nce7 13. d6 Ng6 14. Bd3 Nf4
15. O-O cxd6 16. Bxf5 Bxf5 17. exd6 O-O 18. Re1 Qc8 19. Qd4 Ne6 20. Rxe6 f6 21.
Re7 Qd8 22. Rae1 Bg6 23. Nh4 Bh5 24. d7 Re8 25. Nf5 Rf8 26. Rxg7+ Kh8 27. Ree7
Rg8 28. Rxh7# 1-0

[Event "Championnats Loire Jeunes Min Ben Cad Ju"]
[Site "Aurec"]
[Date "2004.11.13"]
[Round "2.8"]
[White "Masson, Guillaume"]
[Black "Blanchon, Yannick"]
[Result "0-1"]
[WhiteElo "1199"]
[BlackElo "1199"]
[PlyCount "112"]
[EventDate "2004.??.??"]

1. e4 e5 2. Nf3 d6 3. d4 Bg4 4. Be2 Bxf3 5. Bxf3 exd4 6. Qxd4 Nc6 7. Qd5 Nf6 8.
Qc4 Ne5 9. Qc3 Nxf3+ 10. Qxf3 Qe7 11. Bf4 Qxe4+ 12. Qxe4+ Nxe4 13. Nc3 Nxc3 14.
bxc3 O-O-O 15. O-O d5 16. Rfe1 Bd6 17. Bxd6 Rxd6 18. Rad1 Re6 19. Kf1 Rxe1+ 20.
Rxe1 Rd8 21. Re7 Rd7 22. Re8+ Rd8 23. Re5 d4 24. cxd4 Rxd4 25. Re3 Kd8 26. c3
Ra4 27. Rd3+ Ke7 28. Rd2 Ra3 29. Rc2 a5 30. g4 Ra4 31. h4 Rxg4 32. Re2+ Kf6 33.
Rb2 Rxh4 34. Rb5 b6 35. Rd5 Rc4 36. Rd3 b5 37. Kg2 b4 38. cxb4 axb4 39. Rb3 c5
40. f3 Rc3 41. Rb2 Ra3 42. Kg3 c4 43. Rxb4 c3 44. Rc4 Ke5 45. f4+ Kd5 46. Rc8
c2+ 47. Kg4 Rxa2 48. Rxc2 Rxc2 49. f5 f6 50. Kf4 Re2 51. Kg4 Rf2 52. Kh5 Rxf5+
53. Kh4 Rg5 54. Kh3 Ke4 55. Kh4 Kf3 56. Kh3 Rh5# 0-1

[Event "Championnats Loire Jeunes Min Ben Cad Ju"]
[Site "Aurec"]
[Date "2004.11.14"]
[Round "3.1"]
[White "Treveys, Maxime"]
[Black "Roncin, Cesar"]
[Result "1-0"]
[WhiteElo "1900"]
[BlackElo "1750"]
[PlyCount "75"]
[EventDate "2004.??.??"]

1. d4 Nf6 2. c4 c5 3. d5 b5 4. cxb5 a6 5. e3 e6 6. dxe6 fxe6 7. Nc3 d5 8. Nf3
Nbd7 9. bxa6 g6 10. b3 Bg7 11. Bb2 Ne4 12. Nxe4 Bxb2 13. Nd6+ Kf8 14. Nxc8 Qa5+
15. Nd2 Rxc8 16. Rb1 Bc3 17. Rc1 Nf6 18. f3 Kf7 19. Rc2 d4 20. e4 Rhd8 21. Qc1
Bb4 22. Bd3 Nh5 23. g3 Kg7 24. O-O Qc7 25. Kg2 Rf8 26. Nc4 Ra8 27. Nb2 e5 28.
Na4 Rac8 29. a3 Bxa3 30. Qxa3 Nf4+ 31. gxf4 Rxf4 32. Qxc5 Qxc5 33. Rxc5 Ra8 34.
Rcc1 Ra7 35. b4 g5 36. b5 g4 37. fxg4 h6 38. Rc7+ 1-0

[Event "Championnats Loire Jeunes Min Ben Cad Ju"]
[Site "Aurec"]
[Date "2004.11.14"]
[Round "3.2"]
[White "Barnes, Pierrick"]
[Black "Adamus, Jeremy"]
[Result "1/2-1/2"]
[WhiteElo "1830"]
[BlackElo "1830"]
[PlyCount "96"]
[EventDate "2004.??.??"]

1. e4 e5 2. Nf3 Nc6 3. b3 g6 4. Bb2 Bg7 5. Bb5 Nge7 6. O-O O-O 7. d4 exd4 8.
Nxd4 a6 9. Bxc6 Nxc6 10. Nxc6 dxc6 11. Bxg7 Kxg7 12. Nc3 Qd6 13. Qxd6 cxd6 14.
Rad1 Rd8 15. Rd2 Kf8 16. Rfd1 Ke7 17. Na4 b5 18. Nb6 Rb8 19. Nxc8+ Rbxc8 20. f4
b4 21. Kf2 d5 22. Ke3 f6 23. Rd4 dxe4 24. Rxe4+ Kf7 25. Rxd8 Rxd8 26. Rxb4 Rd1
27. Ke2 Rc1 28. Rc4 Ra1 29. a4 Rh1 30. h3 Rg1 31. Kf2 Rd1 32. Rxc6 Rd2+ 33. Kf3
h5 34. b4 Rd4 35. c3 Rd3+ 36. Ke4 Rg3 37. b5 axb5 38. axb5 Rxg2 39. b6 Rb2 40.
Kd5 g5 41. fxg5 fxg5 42. Kd6 g4 43. hxg4 hxg4 44. Kc7 g3 45. Rc4 Rc2 46. b7
Rxc3 47. Kb8 Rc2 48. Ka7 Ra2+ 1/2-1/2

[Event "Championnats Loire Jeunes Min Ben Cad Ju"]
[Site "Aurec"]
[Date "2004.11.14"]
[Round "3.3"]
[White "Doucet, Medhi"]
[Black "Giroux, Sylvain"]
[Result "1-0"]
[WhiteElo "1630"]
[BlackElo "1399"]
[PlyCount "93"]
[EventDate "2004.??.??"]

1. c4 e5 2. Nc3 c5 3. e4 Nf6 4. d3 h6 5. Nf3 Nc6 6. g3 b6 7. Bg2 Bb7 8. O-O Be7
9. a3 O-O 10. Bd2 a5 11. Nd5 d6 12. Nxe7+ Qxe7 13. Bc3 a4 14. Ne1 Nd4 15. Bxd4
cxd4 16. Nc2 Bc6 17. Nb4 Qd7 18. Nd5 Bxd5 19. cxd5 Qb5 20. Qd2 Qb3 21. Rfc1
Rfc8 22. Bf1 Ng4 23. Qb4 Qxb4 24. axb4 Rxc1 25. Rxc1 a3 26. bxa3 Rxa3 27. h3
Nf6 28. Rc6 Ne8 29. Rxb6 Rb3 30. f4 g5 31. fxe5 dxe5 32. d6 Nf6 33. Rb7 Rb1 34.
d7 Nxd7 35. Rxd7 Kg7 36. Rb7 Kg6 37. b5 Kh5 38. Rb6 g4 39. h4 Rb2 40. Rb8 f6
41. Rg8 Rxb5 42. Be2 Rb1+ 43. Kf2 Rb2 44. Ke1 Rb1+ 45. Kd2 Rb2+ 46. Kd1 Rb1+
47. Kc2 {abandon} 1-0

[Event "Championnats Loire Jeunes Min Ben Cad Ju"]
[Site "Aurec"]
[Date "2004.11.14"]
[Round "3.4"]
[White "Bruyas, Benjamin"]
[Black "Desassis, Gregoire"]
[Result "0-1"]
[WhiteElo "1320"]
[BlackElo "1600"]
[PlyCount "100"]
[EventDate "2004.??.??"]

1. Nf3 d5 2. c4 Nf6 3. cxd5 Nxd5 4. Nc3 Nxc3 5. bxc3 Nc6 6. d4 e6 7. e4 e5 8.
d5 Nb8 9. Nxe5 Bd6 10. Nf3 Nd7 11. Be2 Qe7 12. Qc2 Nf6 13. Bg5 Qxe4 14. Qxe4+
Nxe4 15. Bb5+ Bd7 16. Bxd7+ Kxd7 17. c4 Rae8 18. O-O Kc8 19. Rac1 f6 20. Bh4 g5
21. Bg3 Nxg3 22. fxg3 Bc5+ 23. Kh1 h5 24. Nd2 Be3 25. Rcd1 h4 26. g4 h3 27. g3
Rhf8 28. Nb3 Re4 29. d6 cxd6 30. Rxd6 Rxc4 31. Rdxf6 Rxf6 32. Rxf6 Rc2 33. Re6
Bd2 34. Re2 Rxa2 35. Rxd2 Ra6 36. Rc2+ Kb8 37. Kg1 Rb6 38. Nc5 Rb1+ 39. Kf2 b5
40. Ne4 a5 41. Nxg5 b4 42. Ra2 b3 43. Rxa5 b2 44. Rb5+ Ka7 45. Ke2 Ka6 46. Rb3
Ka5 47. Kd2 Rh1 48. Rxb2 Rxh2+ 49. Kc3 Rxb2 50. Kxb2 h2 {abandon} 0-1

[Event "Championnats Loire Jeunes Min Ben Cad Ju"]
[Site "Aurec"]
[Date "2004.11.14"]
[Round "3.5"]
[White "Borron, Herve"]
[Black "Paratcha, Yohan"]
[Result "0-1"]
[WhiteElo "1590"]
[BlackElo "1310"]
[PlyCount "113"]
[EventDate "2004.??.??"]

1. c4 c5 2. Nc3 Nf6 3. g3 d5 4. cxd5 Nxd5 5. Bg2 e6 6. d3 Nxc3 7. bxc3 Nc6 8.
Nf3 Be7 9. Rb1 O-O 10. Qc2 e5 11. h4 f6 12. Bd2 Bg4 13. Rxb7 Rb8 14. Qb3+ Kh8
15. O-O Bf5 16. Nh2 Na5 17. Rxb8 Qxb8 18. Qc2 c4 19. Rb1 Qd8 20. Be4 Bxe4 21.
dxe4 Bc5 22. Rb5 Bb6 23. Rd5 Qc7 24. Nf1 Nc6 25. Be3 Ne7 26. Bxb6 axb6 27. Rd2
Nc6 28. Qd1 b5 29. Rd7 Qa5 30. Qd6 Rc8 31. Rf7 Qa8 32. Qd7 Rf8 33. h5 h6 34.
Ne3 Qd8 35. Nf5 Qxd7 36. Rxd7 b4 37. Rc7 Nd8 38. Rxc4 bxc3 39. Rxc3 Nb7 40. a4
Na5 41. Rc7 Nb3 42. Ra7 Nc5 43. a5 Nxe4 44. a6 Nc5 45. Nd6 Kh7 46. Nb5 Rb8 47.
Nc7 e4 48. Kg2 Rc8 49. Ra8 Rxa8 50. Nxa8 Nxa6 51. Nb6 g6 52. hxg6+ Kxg6 53. Nc4
f5 54. Nd6 Nc5 55. f3 Kf6 56. Kf2 h5 57. Ke3 {tomber} 0-1

[Event "Championnats Loire Jeunes Min Ben Cad Ju"]
[Site "Aurec"]
[Date "2004.11.14"]
[Round "3.6"]
[White "Blanchon, Yannick"]
[Black "Goudet, Maxence"]
[Result "0-1"]
[WhiteElo "1199"]
[BlackElo "1520"]
[PlyCount "60"]
[EventDate "2004.??.??"]

1. e4 e5 2. Nf3 Nc6 3. Nc3 Nf6 4. a3 d5 5. d3 d4 6. Ne2 Be7 7. h3 O-O 8. c3
dxc3 9. Nxc3 Nh5 10. g3 f5 11. exf5 Bf6 12. Be3 Nd4 13. Ne4 Bxf5 14. Nxf6+ Nxf6
15. Bxd4 exd4 16. g4 Qe7+ 17. Qe2 Qxe2+ 18. Bxe2 Bg6 19. O-O Rfe8 20. Nxd4 c5
21. Bf3 cxd4 22. Rfd1 Rac8 23. Rd2 b6 24. g5 Nh5 25. Bb7 Rc7 26. Bd5+ Bf7 27.
Bxf7+ Kxf7 28. a4 Rce7 29. Kf1 Nf4 30. Ra2 Re1# 0-1

[Event "Championnats Loire Jeunes Min Ben Cad Ju"]
[Site "Aurec"]
[Date "2004.11.14"]
[Round "3.7"]
[White "Guichard, Remi"]
[Black "Brosse, Benjamin"]
[Result "0-1"]
[WhiteElo "1160"]
[BlackElo "1199"]
[PlyCount "84"]
[EventDate "2004.??.??"]

1. e3 e5 2. Nf3 Nc6 3. Nc3 Nf6 4. Bd3 d5 5. Be2 Bb4 6. a3 Bxc3 7. bxc3 O-O 8.
O-O Bg4 9. Nh4 Bxe2 10. Qxe2 Ne4 11. d3 Nxc3 12. Qg4 e4 13. dxe4 Nxe4 14. Nf5
g6 15. Nd4 Ne5 16. Qh3 Ng5 17. Qh4 Ngf3+ 18. Nxf3 Nxf3+ 19. gxf3 Qxh4 20. Bb2
c5 21. Rad1 Rad8 22. c3 Qg5+ 23. Kh1 Qf5 24. Rfe1 Qc2 25. Rb1 Qxf2 26. Rf1 Qxe3
27. Bc1 Qxc3 28. Bb2 Qd3 29. Bf6 Rd7 30. Rbd1 Qf5 31. Bc3 d4 32. Bb2 Qc2 33.
Bc1 d3 34. Bh6 Re8 35. a4 Qxa4 36. Rde1 Rxe1 37. Rxe1 Rd5 38. h4 d2 39. Re7
d1=R+ 40. Kg2 Qc6 41. Kh3 Rh5 42. Kg4 Rxh6 0-1

[Event "Championnats Loire Jeunes Min Ben Cad Ju"]
[Site "Aurec"]
[Date "2004.11.14"]
[Round "3.8"]
[White "Devaux, Kevin"]
[Black "Masson, Guillaume"]
[Result "1-0"]
[WhiteElo "1199"]
[BlackElo "1199"]
[PlyCount "98"]
[EventDate "2004.??.??"]

1. e3 e5 2. Nf3 Nc6 3. Nc3 Nf6 4. Bd3 d5 5. Be2 Bb4 6. a3 Bxc3 7. bxc3 O-O 8.
O-O Bg4 9. Nh4 Bxe2 10. Qxe2 Ne4 11. d3 Nxc3 12. Qg4 e4 13. dxe4 Nxe4 14. Nf5
g6 15. Nd4 Ne5 16. Qh3 Ng5 17. Qh4 Ngf3+ 18. Nxf3 Nxf3+ 19. gxf3 Qxh4 20. Bb2
c5 21. Rad1 Rad8 22. c3 Qg5+ 23. Kh1 Qf5 24. Rfe1 Qc2 25. Rb1 Qxf2 26. Rf1 Qxe3
27. Bc1 Qxc3 28. Bb2 Qd3 29. Bf6 Rd7 30. Rbd1 Qf5 31. Bc3 d4 32. Bb2 Qc2 33.
Bc1 d3 34. Bh6 Re8 35. a4 Qxa4 36. Rde1 Rxe1 37. Rxe1 Rd5 38. f4 d2 39. Re7
d1=R+ 40. Kg2 Qc6 41. Kh3 Rh5+ 42. Kg4 Rxh6 43. h4 Rg1+ 44. Kh3 Rxh4+ 45. Kxh4
Qf6+ 46. Kh3 Qg5 47. Kh2 Qg4 48. Re8+ Kg7 49. Re2 Qg3# 1-0

[Event "Championnats Loire Jeunes Min Ben Cad Ju"]
[Site "Aurec"]
[Date "2004.11.14"]
[Round "4.1"]
[White "Adamus, Jeremy"]
[Black "Treveys, Maxime"]
[Result "1/2-1/2"]
[WhiteElo "1830"]
[BlackElo "1900"]
[PlyCount "60"]
[EventDate "2004.??.??"]

1. d4 Nf6 2. Nf3 g6 3. c4 Bg7 4. Bg5 O-O 5. Nc3 d6 6. e3 Nbd7 7. Be2 c6 8. O-O
Re8 9. Rc1 e5 10. dxe5 Nxe5 11. Ne4 Nxf3+ 12. Bxf3 Re5 13. Bxf6 Bxf6 14. Qxd6
Qxd6 15. Nxd6 Ra5 16. b4 Rxa2 17. b5 Be5 18. Ne4 a5 19. bxa6 R8xa6 20. Rfd1 Be6
21. Nc5 Rb6 22. Nxe6 fxe6 23. Rd8+ Kg7 24. Rd7+ Kg8 25. Re7 Rb4 26. g3 Ra1 27.
Rxa1 Bxa1 28. Be2 Be5 29. Kg2 Rb2 30. Bg4 Rb4 1/2-1/2

[Event "Championnats Loire Jeunes Min Ben Cad Ju"]
[Site "Aurec"]
[Date "2004.11.14"]
[Round "4.2"]
[White "Roncin, Cesar"]
[Black "Barnes, Pierrick"]
[Result "1-0"]
[WhiteElo "1750"]
[BlackElo "1830"]
[PlyCount "94"]
[EventDate "2004.??.??"]

1. Nf3 Nf6 2. g3 e6 3. Bg2 d5 4. d3 Nc6 5. Nbd2 Bc5 6. O-O O-O 7. a3 Re8 8. b4
Bb6 9. Bb2 a6 10. Qc1 Ne7 11. Bxf6 gxf6 12. Nb3 Ng6 13. h4 Qd6 14. h5 Ne7 15.
Kh2 e5 16. e4 c6 17. Qh6 Bc7 18. c4 d4 19. c5 Qe6 20. Nbd2 f5 21. Qxe6 Bxe6 22.
Ng5 Bd7 23. exf5 Bxf5 24. Nde4 Nd5 25. Nh3 h6 26. f3 Kg7 27. g4 Bxe4 28. fxe4
Ne3 29. Rf3 f6 30. Nf2 Kf7 31. Bh3 Rg8 32. Rg3 Rg5 33. Nd1 Nxd1 34. Rxd1 Rag8
35. Rf3 Bd8 36. Rb1 Be7 37. Rb2 Rb8 38. Rf1 Rgg8 39. Rc1 Rgc8 40. g5 Rh8 41.
g6+ Kg7 42. Bf5 b6 43. cxb6 Rxb6 44. Rbc2 Rc8 45. Bxc8 c5 46. bxc5 Rb3 47. c6
Bxa3 1-0

[Event "Championnats Loire Jeunes Min Ben Cad Ju"]
[Site "Aurec"]
[Date "2004.11.14"]
[Round "4.3"]
[White "Goudet, Maxence"]
[Black "Doucet, Medhi"]
[Result "0-1"]
[WhiteElo "1520"]
[BlackElo "1630"]
[PlyCount "48"]
[EventDate "2004.??.??"]

1. e4 e5 2. Nf3 Nc6 3. Bb5 d6 4. O-O Nf6 5. Nc3 Bd7 6. d3 Be7 7. Be3 O-O 8. Bc4
Ng4 9. h3 Nf6 10. d4 exd4 11. Nxd4 Nxd4 12. Bxd4 Be6 13. Bxe6 fxe6 14. f4 Nd7
15. Qg4 e5 16. fxe5 Nxe5 17. Qe6+ Nf7 18. Rf3 Bf6 19. Bxf6 gxf6 20. Rxf6 Qc8
21. Qg4+ Kh8 22. Raf1 Rg8 23. Qf5 Ne5 24. Qxc8 Raxc8 0-1

[Event "Championnats Loire Jeunes Min Ben Cad Ju"]
[Site "Aurec"]
[Date "2004.11.14"]
[Round "4.4"]
[White "Desassis, Gregoire"]
[Black "Paratcha, Yohan"]
[Result "1-0"]
[WhiteElo "1600"]
[BlackElo "1310"]
[PlyCount "56"]
[EventDate "2004.??.??"]

1. d4 d5 2. Nf3 Nc6 3. e3 Bf5 4. Bb5 a6 5. Ba4 b5 6. Bb3 e6 7. Bd2 Nf6 8. a3
Bd6 9. Nc3 O-O 10. O-O Na5 11. Ne5 Nxb3 12. cxb3 Ne4 13. Nxe4 Bxe4 14. f3 Bg6
15. Nxg6 hxg6 16. f4 Qe7 17. Qf3 f5 18. h3 c5 19. Rac1 cxd4 20. exd4 Rac8 21.
Qe3 Rfe8 22. Bc3 Rb8 23. Qd2 Rb7 24. Bb4 Rbb8 25. Rc2 Ra8 26. Bxd6 Qxd6 27. Qe3
a5 28. Re1 Rac8 1-0